000 00512nam a2200181Ia 4500
001 4426
005 20260306145755.0
008 260306t1973||||xx |||||||||||||| ||spa||
041 _aESP
082 _a321.8
_bM566
100 _aMoore, Barrington
_eAUT
245 0 _aLos orígenes sociales de la dictadura y de la democracia:
_bel señor y el campesino en la formación del mundo moderno
260 _c1973
300 _a484 páginas :
_c20 cm.
650 _aGEN
654 _aCDE
942 _cLIB
_dJUS
_fJUS
_2ddc
_n
999 _c4426
_d4426